[Event "Test Tournament"]
[Site "Emanuel Lasker Arena"]
[Date "2024.04.02"]
[Round "3"]
[White "Thomas Kydd"]
[Black "Leuwe"]
[Result "1-0"]
[WhiteElo "2473"]
[BlackElo "2250"]
[Annotator "TA"]
[PlyCount "105"]
[EventDate "2024.04.02"]
[EventType "swiss (blitz)"]

{[%evp 18,105,0,-7,12,10,14,16,9,-39,18,-39,-39,-72,-72,-62,-53,-62,-72,-170,-160,-194,-53,-55,24,-139,-146,-178,-28,-20,0,0,0,-183,-25,-22,-18,-26,-16,-29,86,61,189,197,483,490,459,466,677,652,624,583,704,688,783,808,844,729,714,698,682,664,845,840,1444,1340,1223,735,670,547,687,691,933,883,1303,1379,1414,1370,1718,1580,29974,29970,29984,29985,29988,29967,29989,29990,29990,29991]} 1. e4 {[%emt 0:00:01][%cal Be2e4,Be4e5][%mdl 32]} Nf6 {[%emt 0:00:01]} 2. e5 {[%emt 0:00:01]} Nd5 {[%emt 0:00:01]} 3. d4 {[%emt 0:00:01]} d6 {[%emt 0:00:01]} 4. c4 {[%emt 0:00:01]} Nb6 {[%emt 0:00:01]} 5. f4 {[%emt 0:00:01]} dxe5 {[%emt 0:00:01]} 6. fxe5 {[%emt 0:00:01]} Bf5 {[%emt 0:00:01]} 7. Be3 {[%emt 0:00:01]} e6 {[%emt 0:00:01]} 8. Nc3 {[%emt 0:00:01]} Bb4 {[%emt 0:00:01]} 9. Nf3 {[%emt 0:00:01]} c5 {[%emt 0:00:01]} 10. Be2 {[%emt 0:00:01]} cxd4 {[%emt 0:00:01]} 11. Nxd4 {[%emt 0:00:00]} Bxc3+ {[%emt 0:00:00]} 12. bxc3 {[%emt 0:00:01]} O-O {[%emt 0:00:02] The position is equal.} 13. h4 {[%emt 0:00:01]} (13. Nxf5 $11 {is superior.} exf5 14. O-O) 13... Nc6 {[%emt 0:00:02]} ({Black should try} 13... Qc7 $15) 14. c5 {[%emt 0:00:01]} (14. Nxc6 $1 $11 bxc6 15. Bc5) 14... Nd5 $15 {[%emt 0:00:01][%cal Bb6d5,Bd5c3,Bc3d1][%mdl 32]} 15. Nxf5 {[%emt 0:00:00]} exf5 {[%emt 0:00:00]} 16. Bg5 {[%emt 0:00:02] [#]} Nxc3 $1 {[%emt 0:00:01]} 17. Bxd8 {[%emt 0:00:01]} Nxd1 {[%emt 0:00:00]} 18. Bg5 {[%emt 0:00:01]} (18. Bc7 $17 Nc3 19. Bf3) 18... Nc3 $19 {[%emt 0:00:02][%cal Of8e8]} 19. Bf3 {[%emt 0:00:01]} Nxe5 {[%emt 0:00:01]} (19... Rfe8 $19 20. O-O Rxe5) 20. Bxb7 $15 {[%emt 0:00:01] This pair of bishops is nice.} Nd3+ {[%emt 0:00:02]} (20... Rae8 $15 21. O-O h6) 21. Kd2 $2 {[%emt 0:00:01]} (21. Kf1 $1 $11 Nxc5 22. Bxa8 Rxa8 23. Rh3) 21... Ne4+ $17 {[%emt 0:00:01]} (21... Nxc5 22. Bxa8 Nxa2 23. Bd5 $18) 22. Kc2 {[%emt 0:00:01]} Rae8 {[%emt 0:00:02]} (22... Nb4+ $19 23. Kd1 Rae8) 23. c6 $11 {[%emt 0:00:01]} Nb4+ {[%emt 0:00:01]} 24. Kb3 {[%emt 0:00:01]} Nd3 {[%emt 0:00:01] aiming for ...Nec5+.} 25. Rad1 $2 {[%emt 0:00:04]} (25. Kc2 $11 Nef2 26. Rhb1) 25... Ndf2 $2 {[%emt 0:00:02]} ({Black should play} 25... Nec5+ $19 26. Ka3 Re4 27. Rxd3 Ra4+ (27... Nxd3 $2 28. Rb1 $19) 28. Kb2 Nxd3+ 29. Ka1 f6 30. Bxf6 gxf6) 26. Be3 $1 {[%emt 0:00:02][%cal Oe3a7]} Nxh1 {[%emt 0:00:01]} 27. Rxh1 {[%emt 0:00:00][%cal Oh1c1]} Ng3 {[%emt 0:00:02]} 28. Re1 {[%emt 0:00:01]} f4 {[%emt 0:00:02]} (28... Re7 $11 29. Bd2 Ne2) 29. Bd2 $16 {[%emt 0:00:02]} Rxe1 {[%emt 0:00:03]} (29... Nf5 $1 $14) 30. Bxe1 $14 {[%emt 0:00:01][%mdl 4096] Endgame. Strongly threatening c7. KRN-KB} Ne4 $2 {[%emt 0:00:01]} (30... Nf5) 31. Bb4 $18 {[%emt 0:00:02][%cal Oc6c7]} Re8 {[%emt 0:00:01]} 32. c7 {[%emt 0:00:01] [#] Bxe4 would now be deadly.} Ng3 {[%emt 0:00:02]} (32... f5 $142 33. c8=Q (33. c8=B g6 $16) (33. c8=R Rxc8 34. Bxc8 g6 $18) 33... Rxc8 34. Bxc8 g6) 33. c8=Q {[%emt 0:00:01]} (33. c8=B g6 34. Bd6 Re3+ 35. Kb4 Re1 36. Bxf4 Ne2 $18) 33... Rxc8 {[%emt 0:00:01]} 34. Bxc8 {[%emt 0:00:00]} Ne4 {[%emt 0:00:01]} 35. Bf5 {[%emt 0:00:01]} Ng3 {[%emt 0:00:01]} 36. Bd3 {[%emt 0:00:01]} Nh1 {[%emt 0:00:01]} 37. Ka4 {[%emt 0:00:01]} Nf2 {[%emt 0:00:02]} 38. Bf5 {[%emt 0:00:01]} g6 {[%emt 0:00:02]} 39. Bc2 {[%emt 0:00:01]} Kg7 {[%emt 0:00:02]} 40. Kb5 {[%emt 0:00:01]} Kf6 {[%emt 0:00:01]} 41. a4 {[%emt 0:00:01]} Ke5 {[%emt 0:00:01]} 42. Kc6 {[%emt 0:00:01]} Ng4 {[%emt 0:00:01]} 43. Bd1 {[%emt 0:00:01]} Ne3 {[%emt 0:00:01]} 44. Bf3 {[%emt 0:00:01]} f6 {[%emt 0:00:03]} 45. a5 {[%emt 0:00:01][%cal Ba4a5,Ba5a6][%mdl 32]} g5 {[%emt 0:00:01][%cal Bg6g5,Bg5g4][%mdl 32]} 46. a6 {[%emt 0:00:01]} g4 {[%emt 0:00:01]} 47. Bd6+ {[%emt 0:00:01]} Kf5 {[%emt 0:00:01]} 48. Bd5 {[%emt 0:00:01]} g3 {[%emt 0:00:01]} 49. Bf3 {[%emt 0:00:01] White mates.} h6 {[%emt 0:00:01]} 50. Bb8 {[%emt 0:00:01]} Nc4 {[%emt 0:00:01]} 51. Kd5 {[%emt 0:00:01]} Nd2 {[%emt 0:00:01]} 52. Bxa7 {[%emt 0:00:03]} Nxf3 {[%emt 0:00:01]} 53. gxf3 {[%emt 0:00:00] What a bad dream for Black.   Weighted Error Value: White=0.30/Black=0.70.  Loses game:     	White=1     	---        Mistake:       	White=4     	Black=9      Inaccurate:     	White=1     	Black=1      OK:         	White=5     	Black=5      Best:        	White=5     	Black=4      Strong:       	White=1     	Black=1} 1-0

[Event "Test Tournament"]
[Site "Emanuel Lasker Arena"]
[Date "2024.04.02"]
[Round "3"]
[White "Thomas Kydd"]
[Black "CarlsenVomFach"]
[Result "0-1"]
[WhiteElo "2473"]
[BlackElo "2069"]
[Annotator "RC"]
[PlyCount "94"]
[EventDate "2024.04.02"]
[EventType "swiss (blitz)"]

1. e4 {[%emt 0:00:01]} e5 {[%emt 0:00:01]} 2. Nf3 {[%emt 0:00:01]} Nc6 {[%emt 0:00:01]} 3. Bb5 {[%emt 0:00:01]} a6 {[%emt 0:00:01]} 4. Ba4 {[%emt 0:00:01]} d6 {[%emt 0:00:01]} 5. d4 {[%emt 0:00:01]} b5 {[%emt 0:00:01]} 6. Bb3 {[%emt 0:00:01]} Nxd4 {[%emt 0:00:01]} 7. Nxd4 {[%emt 0:00:01]} exd4 {[%emt 0:00:01]} 8. Bd5 {[%emt 0:00:01]} Rb8 {[%emt 0:00:01]} 9. Qxd4 {[%emt 0:00:00]} Nf6 {[%emt 0:00:01]} 10. Nc3 {[%emt 0:00:02]} Be7 {[%emt 0:00:01]} 11. Bf4 {[%emt 0:00:01]} O-O {[%emt 0:00:01]} 12. h3 {[%emt 0:00:01]} b4 {[%emt 0:00:02]} 13. Qa7 {[%emt 0:00:01]} Nd7 {[%emt 0:00:02]} 14. Ne2 {[%emt 0:00:01]} Bf6 {[%emt 0:00:02]} 15. Nd4 {[%emt 0:00:05]} Re8 {[%emt 0:00:01]} 16. Nc6 {[%emt 0:00:02]} Rb7 {[%emt 0:00:01]} 17. Qa8 {[%emt 0:00:01]} Rb8 {[%emt 0:00:01]} 18. Nxb8 {[%emt 0:00:01]} Bxb2 {[%emt 0:00:00]} 19. O-O {[%emt 0:00:01]} Qf6 {[%emt 0:00:01]} 20. Rab1 {[%emt 0:00:01]} Qxf4 {[%emt 0:00:00]} 21. Rxb2 {[%emt 0:00:00]} Nb6 {[%emt 0:00:01]} 22. Qc6 {[%emt 0:00:01]} Rf8 {[%emt 0:00:01]} 23. Rxb4 {[%emt 0:00:01]} Nxd5 {[%emt 0:00:00]} 24. Qxd5 {[%emt 0:00:00]} a5 {[%emt 0:00:01]} 25. Rb3 {[%emt 0:00:01]} Be6 {[%emt 0:00:02]} 26. Rf3 {[%emt 0:00:01]} Qxf3 {[%emt 0:00:01]} 27. Qxa5 {[%emt 0:00:01]} Qf4 {[%emt 0:00:01]} 28. Qxc7 {[%emt 0:00:01]} Qxe4 {[%emt 0:00:00]} 29. Qxd6 {[%emt 0:00:00]} Bd5 {[%emt 0:00:04]} 30. f3 {[%emt 0:00:01]} Qe3+ {[%emt 0:00:01]} 31. Kh2 {[%emt 0:00:01]} Bxa2 {[%emt 0:00:01]} 32. Nd7 {[%emt 0:00:02]} Re8 {[%emt 0:00:01]} 33. Rd1 {[%emt 0:00:02]} h6 {[%emt 0:00:02]} 34. Rd3 {[%emt 0:00:02]} Qe1 {[%emt 0:00:01]} 35. Rd1 {[%emt 0:00:02]} Qf2 {[%emt 0:00:02]} 36. Rd2 {[%emt 0:00:02]} Qe1 {[%emt 0:00:02]} 37. Qd4 {[%emt 0:00:02]} Bc4 {[%emt 0:00:02]} 38. f4 {[%emt 0:00:01]} Re4 {[%emt 0:00:02]} 39. Qd6 {[%emt 0:00:02]} Re8 {[%emt 0:00:01]} 40. f5 {[%emt 0:00:02]} Bb5 {[%emt 0:00:02]} 41. Rd1 {[%emt 0:00:01]} Qf2 {[%emt 0:00:01]} 42. f6 {[%emt 0:00:02]} Rd8 {[%emt 0:00:01]} 43. Qe7 {[%emt 0:00:01]} Qf4+ {[%emt 0:00:02]} 44. g3 {[%emt 0:00:01]} Qf2+ {[%emt 0:00:01]} 45. Kh1 {[%emt 0:00:01]} Bc6+ {[%emt 0:00:01]} 46. Rd5 {[%emt 0:00:01]} Bxd5+ {[%emt 0:00:00]} 47. Qe4 {[%emt 0:00:00]} Bxe4# {[%emt 0:00:01]} 0-1

[Event "Test Tournament"]
[Site "Emanuel Lasker Arena"]
[Date "2024.04.02"]
[Round "3"]
[White "Thomas Kydd"]
[Black "Chartwell"]
[Result "0-1"]
[WhiteElo "2446"]
[BlackElo "2179"]
[Annotator "TA"]
[PlyCount "112"]
[EventDate "2024.04.02"]
[EventType "swiss (blitz)"]

{[%evp 24,112,211,219,224,147,161,155,278,185,229,135,159,166,149,-168,21,0,21,-77,-69,-145,-129,-496,-341,-308,0,-169,-154,-287,-153,-813,-594,-571,-587,-575,-575,-963,-736,-822,-815,-845,-841,-1066,-1037,-1078,-1001,-958,-857,-837,-793,-533,-876,-1065,-1104,-1140,-1144,-1302,-1232,-1027,-964,-1483,-1314,-1613,-1605,-3592,-291,-3748,-2416,-29971,-29972,-5808,-419,-4133,-1180,-1155,-1140,-1127,-1116,-1126,-950,-904,-867,-5728,-5590,-29978,-29964,-29963,-29962,-29961,-898]} 1. e4 {[%emt 0:00:01]} e5 {[%emt 0:00:01]} 2. Nf3 {[%emt 0:00:01]} Nc6 {[%emt 0:00:01]} 3. Bb5 {[%emt 0:00:01]} a6 {[%emt 0:00:01]} 4. Ba4 {[%emt 0:00:01]} Nf6 {[%emt 0:00:01]} 5. O-O {[%emt 0:00:01]} Be7 {[%emt 0:00:01]} 6. Re1 {[%emt 0:00:01]} b5 {[%emt 0:00:01]} 7. Bb3 {[%emt 0:00:01]} O-O {[%emt 0:00:01]} 8. c3 {[%emt 0:00:01]} d6 {[%emt 0:00:01]} 9. d4 {[%emt 0:00:01]} Bg4 {[%emt 0:00:01]} 10. Be3 {[%emt 0:00:01]} exd4 {[%emt 0:00:01]} 11. cxd4 {[%emt 0:00:01]} Nxe4 {[%emt 0:00:01] C91: Closed Ruy Lopez: 7...d6 8 c3 0-0 9 d4.} 12. Bd5 {[%emt 0:00:02]} Nb4 {[%emt 0:00:01]} 13. Bxe4 {[%emt 0:00:00]} d5 {[%emt 0:00:01]} 14. Bc2 {[%emt 0:00:01]} Bxf3 {[%emt 0:00:02]} 15. gxf3 {[%emt 0:00:00]} c5 $146 {[%emt 0:00:02]} (15... Bd6 $16) ({Predecessor:} 15... Bd6 16. Nd2 f5 17. f4 Qh4 18. Bb3 c6 19. Nf3 Qg4+ 20. Kh1 a5 21. a3 Na6 {1-0 Lowke,K (1682)-Reinsdorf,C (1577) Sachsen-ch U18 Girls 2007 (3)}) 16. Nc3 {[%emt 0:00:01]} Re8 {[%emt 0:00:01]} 17. dxc5 {[%emt 0:00:01]} (17. a3 $18 Nxc2 18. Qxc2) 17... d4 $16 {[%emt 0:00:02]} 18. Bxh7+ $1 {[%emt 0:00:00]} (18. Bxd4 Nxc2 19. Qxc2 Qxd4 $16) 18... Kxh7 {[%emt 0:00:00]} 19. a3 $2 {[%emt 0:00:01][%mdl 8192]} (19. Qxd4 Qxd4 20. Bxd4 Nc2 $17) (19. Bxd4 $16 {is forced if you want to stay better. Black must now prevent f4.} Bxc5 20. Rxe8 (20. Bxc5 Qg5+ 21. Kh1 Qxc5 $16) (20. Qb1+ g6 $18) 20... Qg5+ 21. Kh1 Rxe8 22. Ne4 Rxe4 23. fxe4 Bxd4 24. Qxd4) 19... dxc3 $2 {[%emt 0:00:01]} ({Not} 19... Bxc5 20. axb4 Bb6 21. Bf4 dxc3 22. bxc3 $14) ({Better is} 19... dxe3 $19 20. Rxe3 Nc6 (20... Bxc5 21. Rxe8 Qxd1+ 22. Rxd1 $15)) 20. axb4 $11 {[%emt 0:00:01]} Qxd1 {[%emt 0:00:00]} 21. Rexd1 {[%emt 0:00:00]} (21. Raxd1 $11 cxb2 22. Bd4) 21... cxb2 $17 {[%emt 0:00:01]} 22. Ra3 {[%emt 0:00:01]} (22. Rab1 $15 Bf6 23. Kf1) 22... Bf6 $17 {[%emt 0:00:01]} 23. c6 $2 {[%emt 0:00:01][%mdl 8192]} (23. Rb1 $17 {is tougher.}) 23... Rad8 {[%emt 0:00:02]} 24. Rb1 {[%emt 0:00:02]} Ra8 $2 {[%emt 0:00:02]} (24... Rd6 $19 25. c7 (25. Rxa6 $2 {perishes.} Red8 $19) 25... Rc6) 25. c7 $2 {[%emt 0:00:01]} (25. Rd1 $1 $11 Rec8 26. Kg2) 25... Rac8 {[%emt 0:00:02]} 26. Bb6 {[%emt 0:00:02] [#]} (26. Bf4 $17 {is the only way for White.}) 26... Re2 {[%emt 0:00:02]} ({Weaker is} 26... Be5 27. Rd3 $17) (26... Re6 $1 $19 {[%cal Re6b6]} 27. Ba5 Rc6) 27. Rxa6 $2 {[%emt 0:00:01]} (27. Rd3 $17) 27... Rc2 {[%emt 0:00:01]} 28. Kg2 {[%emt 0:00:02]} Rc1 {[%emt 0:00:01]} 29. Rxb2 {[%emt 0:00:01]} Bxb2 {[%emt 0:00:01]} 30. h3 {[%emt 0:00:02]} Be5 {[%emt 0:00:01]} 31. f4 {[%emt 0:00:02]} Bxc7 {[%emt 0:00:00]} 32. Be3 {[%emt 0:00:02]} Rc4 {[%emt 0:00:01]} 33. f5 {[%emt 0:00:02]} Rxb4 {[%emt 0:00:01]} 34. f6 {[%emt 0:00:01]} gxf6 {[%emt 0:00:01]} 35. Rxf6 {[%emt 0:00:01]} Rg8+ {[%emt 0:00:01]} 36. Kf3 {[%emt 0:00:01]} Rg7 {[%emt 0:00:01]} 37. Rh6+ {[%emt 0:00:01]} Kg8 {[%emt 0:00:02]} 38. Rc6 {[%emt 0:00:02]} Rc4 {[%emt 0:00:01]} 39. Ra6 {[%emt 0:00:02]} Rg6 {[%emt 0:00:01]} 40. Ra8+ {[%emt 0:00:01]} Kg7 {[%emt 0:00:01]} 41. h4 {[%emt 0:00:01]} Rf6+ {[%emt 0:00:01]} 42. Kg2 {[%emt 0:00:01]} Rg4+ {[%emt 0:00:01]} 43. Kh3 {[%emt 0:00:01]} Ra4 {[%emt 0:00:01]} 44. Rc8 {[%emt 0:00:02]} Rf3+ {[%emt 0:00:01]} 45. Kg2 {[%emt 0:00:01]} Rxe3 {[%emt 0:00:01]} 46. fxe3 {[%emt 0:00:01]} Ra7 {[%emt 0:00:01]} 47. h5 {[%emt 0:00:01]} Be5 {[%emt 0:00:01]} (47... b4 $142 {( -> ...b3)} 48. h6+ Kxh6 49. Rh8+ Kg6) 48. Re8 {[%emt 0:00:01]} (48. Rc5 $142) 48... Bf6 {[%emt 0:00:01]} 49. Rb8 {[%emt 0:00:01]} Ra2+ {[%emt 0:00:01]} 50. Kf3 {[%emt 0:00:01]} Ra5 {[%emt 0:00:01]} 51. Kg4 {[%emt 0:00:01]} Bc3 {[%emt 0:00:01]} 52. Rb7 {[%emt 0:00:01]} b4 {[%emt 0:00:01]} 53. h6+ {[%emt 0:00:01]} Kxh6 {[%emt 0:00:00]} 54. Rxf7 {[%emt 0:00:00]} Kg6 {[%emt 0:00:01]} 55. Rb7 {[%emt 0:00:01]} Ra1 {[%emt 0:00:01]} 56. Kf4 {[%emt 0:00:01]} Rf1+ {[%emt 0:00:01]} (56... Rb1 $142 57. Rb6+ Kf7 58. Kf5 Ke7 59. Ke4 Rd1 60. Kf3 Kd7 61. Ke2 Rd2+ 62. Kf3 Kc7 63. Ra6 Rd8 64. Kg4 Kb7 65. Rh6 b3 66. Rh1 b2 67. Kf5 Kb6 68. Kf4 Kc5 69. Kg3 Kc4 70. Kg4 Rf8 71. e4 Kb3 72. e5 Bxe5 73. Re1 Bc3 74. Rh1 Kc2 75. Kg5 b1=Q (75... b1=B $2 76. Rh7 $19) 76. Rxb1 Kxb1 77. Kh5 Kc2 78. Kh6 Be5 79. Kg6 Kd3 80. Kh5 Ke4 81. Kg4 Rg8+ 82. Kh4 Kf4 83. Kh3 Kf5 84. Kh4 Rh8#) 0-1

[Event "Test Tournament"]
[Site "Emanuel Lasker Arena"]
[Date "2024.04.09"]
[Round "3"]
[White "Thomas Kydd"]
[Black "LiliBeth"]
[Result "1-0"]
[WhiteElo "2405"]
[BlackElo "1853"]
[PlyCount "28"]
[EventDate "2024.04.09"]
[EventType "swiss (blitz)"]

1. e4 {[%emt 0:00:01]} c6 {[%emt 0:00:01]} 2. d4 {[%emt 0:00:01]} d5 {[%emt 0:00:01]} 3. e5 {[%emt 0:00:01]} Bf5 {[%emt 0:00:01]} 4. g4 {[%emt 0:00:01]} Be4 {[%emt 0:00:01]} 5. f3 {[%emt 0:00:01]} Bg6 {[%emt 0:00:01]} 6. h4 {[%emt 0:00:01]} h6 {[%emt 0:00:01]} 7. h5 {[%emt 0:00:01]} Qa5+ {[%emt 0:00:03]} 8. b4 {[%emt 0:00:01]} Qxb4+ {[%emt 0:00:01]} 9. c3 {[%emt 0:00:04]} Bd3 {[%emt 0:00:03]} 10. cxb4 {[%emt 0:00:00]} Ba6 {[%emt 0:00:06]} 11. b5 {[%emt 0:00:05]} cxb5 {[%emt 0:00:01]} 12. Nc3 {[%emt 0:00:02]} Nc6 {[%emt 0:00:03]} 13. a4 {[%emt 0:00:03]} e6 {[%emt 0:00:03]} 14. axb5 {[%emt 0:00:01]} Bb4 {[%emt 0:00:01] Arbiter Decision (Adjudicated by Matthias, ), result=1-0 (Lag: Av=0.08s, max=0.2s)} 1-0

[Event "Test Tournament"]
[Site "Emanuel Lasker Arena"]
[Date "2024.04.09"]
[Round "3"]
[White "Thomas Kydd"]
[Black "Klaus Junge"]
[Result "0-1"]
[WhiteElo "2405"]
[BlackElo "1620"]
[Annotator "TA"]
[PlyCount "80"]
[EventDate "2024.04.09"]
[EventType "swiss (blitz)"]

{[%evp 27,79,46,44,-70,-57,-1134,-806,-29992,-481,-29992,-453,-29992,-439,-29991,0,0,0,-226,-225,-220,-243,-231,-231,-234,-235,-191,-195,-672,673,-1043,0,-1037,-394,-1053,-394,-1053,-1052,-995,-989,-29995,-1608,-29994,-29991,-29991,-29992,-29993,-29994,-29994,-29995,-29996,-29997,-29997,-29998,-29999]} 1. e4 {[%emt 0:00:01]} e5 {[%emt 0:00:01]} 2. Nf3 {[%emt 0:00:01]} Nc6 {[%emt 0:00:01]} 3. Bb5 {[%emt 0:00:01]} a6 {[%emt 0:00:01]} 4. Ba4 {[%emt 0:00:01]} Nf6 {[%emt 0:00:01]} 5. O-O {[%emt 0:00:01]} Be7 {[%emt 0:00:01]} 6. Re1 {[%emt 0:00:01]} b5 {[%emt 0:00:01]} 7. Bb3 {[%emt 0:00:01]} O-O {[%emt 0:00:01]} 8. c3 {[%emt 0:00:01]} d5 {[%emt 0:00:01]} 9. exd5 {[%emt 0:00:01]} Nxd5 {[%emt 0:00:01]} 10. Nxe5 {[%emt 0:00:01]} Nxe5 {[%emt 0:00:01]} 11. Rxe5 {[%emt 0:00:01]} c6 {[%emt 0:00:01]} 12. d4 {[%emt 0:00:01]} Bd6 {[%emt 0:00:01]} 13. Re1 {[%emt 0:00:01]} Qh4 {[%emt 0:00:01]} 14. g3 {[%emt 0:00:01]} Qh3 {[%emt 0:00:01]} 15. Nd2 {[%emt 0:00:00]} (15. Re4 $14) 15... Bg4 $15 {[%emt 0:00:01][%mdl 1024] Black has compensation. Black is much more active.} 16. Qc2 {[%emt 0:00:01][%mdl 8192]} (16. Re2 $15) 16... Rfe8 {[%emt 0:00:02]} 17. Re4 {[%emt 0:00:01] Black is clearly winning.} h6 {[%emt 0:00:02]} (17... Nf4 $142 18. gxf4 Bxf4 19. Bxf7+ Kf8 20. f3 Qxh2+ (20... Bxh2+ $2 21. Kf2 $19) 21. Kf1 Rxe4 (21... Bh3+ $2 22. Ke1 $19) 22. Nxe4 Bh3+ (22... Qxc2 $2 23. Bxf4 Qxb2 24. Rd1 $19) 23. Ke1 Qh1+ 24. Kf2 Qf1#) 18. a4 {[%emt 0:00:01] [#]} (18. f3 $19 Ne3 19. Rxe3 Rxe3 20. Nf1 (20. fxg4 Re2) 20... Rxf3 21. Bxh6 gxh6 (21... Qxh6 $2 22. Qe4 $19) 22. Qg6+ Kh8 23. Qxd6) 18... Rab8 {[%emt 0:00:06]} (18... Nf4 $142 19. gxf4 Bxf4 20. Bxf7+ Kf8 21. f3 Qxh2+ (21... Bxf3 $2 22. Nxf3 Kxf7 23. Rxf4+ $18) 22. Kf1 Bg3 (22... Bh3+ $2 23. Ke1 $19) 23. Rxe8+ Rxe8 24. Ne4 Bh3+ 25. Qg2 Qxg2#) 19. axb5 {[%emt 0:00:04]} (19. f3 $19 Ne3 20. Rxe3 Rxe3 21. Nf1 (21. fxg4 Re2) 21... Rxf3 22. Be3) 19... axb5 {[%emt 0:00:01]} (19... Nf4 $142 20. gxf4 Bxf4 21. Nf1 Bf3 22. Bxf7+ Kf8 (22... Kh8 23. Rxe8+ Rxe8 24. Qh7+ Kxh7 25. Bg8+ Kxg8 26. Bxf4 Qg2#) 23. Rxe8+ Rxe8 24. Qg6 Bxh2+ 25. Nxh2 Re1+ 26. Nf1 Rxf1#) 20. Ra7 {[%emt 0:00:02]} (20. f3 $19 Ne3 21. Rxe3 Rxe3 22. Nf1 (22. fxg4 Re2) 22... Rxf3 23. Bf4 Bxf4 24. gxf4) 20... Be2 $2 {[%emt 0:00:03]} (20... Nf4 {mates} 21. Bxf7+ Kf8 22. Rxe8+ Rxe8 23. Qe4 Rxe4 24. Ra8+ Bc8 (24... Kxf7 {is a self mate.} 25. Ra7+ Be7 26. Rxe7+ Kxe7 27. gxf4 Re1+ 28. Nf1 Rxf1#) 25. Rxc8+ Kxf7 26. Rf8+ Kxf8 27. gxf4 Re1+ 28. Nf1 Rxf1#) 21. Rh4 $1 $11 {[%emt 0:00:03]} Qe6 $40 {[%emt 0:00:04][%mdl 128] White needs to defend precisely.} 22. Qb1 $2 {[%emt 0:00:07]} (22. Ra6 $11 {and White is okay.} Qd7 23. Kg2) 22... g5 $19 {[%emt 0:00:02]} 23. Re4 {[%emt 0:00:01]} Qh3 {[%emt 0:00:03]} 24. Rb7 {[%emt 0:00:02]} Ra8 {[%emt 0:00:02] ...Bh5 is the strong threat.} 25. Ra7 {[%emt 0:00:02]} Rac8 {[%emt 0:00:02]} 26. Qc2 {[%emt 0:00:02]} h5 {[%emt 0:00:02] Strongly threatening ...h4.} 27. Ra6 $2 {[%emt 0:00:02] [#]} (27. Ba2 h4 28. Bb1 hxg3 29. hxg3 Bxg3 30. Rxe8+ Rxe8 31. Qh7+ Qxh7 32. Bxh7+ Kxh7 33. fxg3) 27... Nf4 $4 {[%emt 0:00:02][%mdl 8192]} 28. gxf4 $4 {[%emt 0:00:01][%mdl 8192]} (28. Rxe8+ Rxe8) (28. Rxf4 $18 Bc4 29. Re4 Bxb3 30. Nxb3) 28... Qg4+ {[%emt 0:00:02]} 29. Kh1 {[%emt 0:00:00]} Bf3+ {[%emt 0:00:01]} (29... Bxf4 $2 {loses.} 30. Rxe8+ Kg7 31. Rxc8 $18) 30. Nxf3 {[%emt 0:00:01]} Qxf3+ {[%emt 0:00:01]} 31. Kg1 {[%emt 0:00:00] White threatens Rxe8+ and mate.} Rxe4 {[%emt 0:00:01]} 32. Be3 {[%emt 0:00:01]} gxf4 {[%emt 0:00:01]} 33. Bd2 {[%emt 0:00:01]} Rce8 {[%emt 0:00:02]} (33... Qg4+ $142 34. Kf1 Qh3+ (34... f3 $2 35. Be3 $19) 35. Kg1 f3 36. Bxf7+ Kh8 37. Qxe4 Qg2#) 34. Ra1 {[%emt 0:00:01]} h4 {[%emt 0:00:01] Black mates.} 35. h3 {[%emt 0:00:02]} Qxh3 {[%emt 0:00:01]} 36. Qd1 {[%emt 0:00:01]} f3 {[%emt 0:00:01][%csl Gf3][%cal Rh3g2]} 37. Bxf7+ {[%emt 0:00:01]} Kxf7 {[%emt 0:00:01][%cal Re4g4]} 38. Ra7+ {[%emt 0:00:01]} Kg6 {[%emt 0:00:01][%csl Gf3][%cal Rh3g2]} 39. Rg7+ {[%emt 0:00:01]} Kxg7 {[%emt 0:00:00][%csl Gf3][%cal Rh3g2]} 40. Bg5 {[%emt 0:00:01]} Rg4# {[%emt 0:00:01] Weighted Error Value: White=1.61/Black=1.30.  Loses game:     	White=2     	---        Missed win:     	White=1     	Black=1      Mistake:       	White=3     	---        Inaccurate:     	White=3     	---        OK:         	White=2     	Black=3      Best:        	White=1     	Black=2      Strong:       	White=1     	---} 0-1

[Event "Test Tournament"]
[Site "Emanuel Lasker Arena"]
[Date "2024.04.09"]
[Round "3"]
[White "Thomas Kydd"]
[Black "ArrowPlay"]
[Result "*"]
[WhiteElo "2405"]
[BlackElo "2027"]
[Annotator "TA"]
[PlyCount "40"]
[EventDate "2024.04.09"]
[EventType "swiss (blitz)"]

{[%evp 12,40,60,45,52,15,53,16,214,214,290,289,284,213,239,227,272,272,270,248,266,280,291,232,202,67,235,230,229,221,195]} 1. e4 {[%emt 0:00:01][%cal Be2e4,Be4e5][%mdl 32]} Nf6 {[%emt 0:00:01][%cal Bg8f6,Bf6d5,Bd5b6][%mdl 32]} 2. e5 {[%emt 0:00:01]} Nd5 {[%emt 0:00:01]} 3. d4 {[%emt 0:00:01]} d6 {[%emt 0:00:01]} 4. c4 {[%emt 0:00:00]} Nb6 {[%emt 0:00:01]} 5. f4 {[%emt 0:00:01]} g6 {[%emt 0:00:01]} 6. Nc3 {[%emt 0:00:01]} Bg7 {[%emt 0:00:01]} 7. Be3 $1 {[%emt 0:00:01]} Be6 {[%emt 0:00:01]} 8. d5 {[%emt 0:00:01]} Bf5 {[%emt 0:00:01]} 9. c5 {[%emt 0:00:01]} dxe5 $2 {[%emt 0:00:01]} (9... dxc5 $1 $11 {and Black has nothing to worry.} 10. Bxc5 c6) 10. fxe5 $18 {[%emt 0:00:01]} Bxe5 {[%emt 0:00:01]} 11. cxb6 {[%emt 0:00:01]} axb6 {[%emt 0:00:01]} 12. Qb3 {[%emt 0:00:01]} O-O {[%emt 0:00:04]} 13. Nf3 {[%emt 0:00:02]} Qd6 {[%emt 0:00:04]} 14. Nb5 {[%emt 0:00:04]} Qf6 {[%emt 0:00:01]} 15. Nxe5 {[%emt 0:00:01]} Qxe5 {[%emt 0:00:00]} 16. Qc3 {[%emt 0:00:04]} Qe4 {[%emt 0:00:03]} 17. Nxc7 {[%emt 0:00:01]} Rc8 {[%emt 0:00:06] [#]} 18. d6 {[%emt 0:00:02]} Nd7 $2 {[%emt 0:00:03]} (18... exd6 $14 19. Kf2 Nd7) 19. Qd4 {[%emt 0:00:01]} Ra4 {[%emt 0:00:03]} 20. Qxe4 {[%emt 0:00:01]} Rxe4 {[%emt 0:00:01] Weighted Error Value: White=0.39/Black=0.53.  Loses game:     	---       	Black=2      Mistake:       	White=1     	---        Inaccurate:     	White=2     	Black=2      OK:         	White=6     	Black=3      Best:        	White=1     	Black=1} *